[Event "37th Reykjavik op"]
[Site "Reykjavik ISL"]
[Date "2024.03.16"]
[Round "3.2"]
[White "Katz, Alexander"]
[Black "Sanal, Vahap"]
[WhiteElo "2418"]
[BlackElo "2558"]
[Result "0-1"]
[EventDate "2024.03.15"]
[PlyCount "64"]

1. e4 { [%eval 0.13] [%clk 1:30:58] } 1... e5 { [%eval 0.17] [%clk 1:30:53] } 2. Nf3 { [%eval 0.21] [%clk 1:31:14] } 2... Nc6 { [%eval 0.13] [%clk 1:31:15] } 3. Bc4 { [%eval 0.14] [%clk 1:31:09] } 3... Bc5 { [%eval 0.18] [%clk 1:31:34] } 4. c3 { [%eval 0.17] [%clk 1:31:12] } 4... Nf6 { [%eval 0.18] [%clk 1:31:57] } 5. d3 { [%eval 0.18] [%clk 1:31:35] } 5... d6 { [%eval 0.27] [%clk 1:31:39] } 6. Bb3 { [%eval 0.0] [%clk 1:31:49] } 6... h6 { [%eval 0.0] [%clk 1:28:04] } 7. O-O { [%eval 0.06] [%clk 1:30:58] } 7... O-O { [%eval 0.17] [%clk 1:25:45] } 8. h3 { [%eval 0.11] [%clk 1:30:05] } 8... a6 { [%eval 0.2] [%clk 1:25:47] } 9. Nbd2 { [%eval 0.19] [%clk 1:28:28] } 9... Re8 { [%eval 0.2] [%clk 1:25:47] } 10. Re1 { [%eval 0.2] [%clk 1:26:57] } 10... Be6 { [%eval 0.21] [%clk 1:25:20] } 11. Nf1 { [%eval -0.1] [%clk 1:21:45] } 11... d5 { [%eval -0.02] [%clk 1:24:40] } 12. d4 { [%eval -0.24] [%clk 1:12:42] } 12... dxe4 { [%eval -0.18] [%clk 1:14:41] } 13. dxc5? { [%eval -1.57] } { Mistake. Nxe5 was best. } { [%clk 0:55:05] } (13. Nxe5 Bxb3 14. Nxc6 Bxd1 15. Nxd8 Raxd8 16. Rxd1 Ba7 17. Ne3 c6 18. Kf1 Kh7 19. Ke2 g5) 13... Bxb3 { [%eval -1.42] [%clk 1:09:58] } 14. Qxb3? { [%eval -2.93] } { Mistake. Qxd8 was best. } { [%clk 0:54:41] } (14. Qxd8 Raxd8 15. Nxe5 Nxe5 16. axb3 Nd3 17. Rd1 Nxc5 18. Rxd8 Rxd8 19. Be3 Ne6 20. Nd2 Rd3) 14... exf3 { [%eval -2.78] [%clk 1:10:12] } 15. gxf3 { [%eval -2.87] [%clk 0:50:45] } 15... Qd7 { [%eval -3.07] [%clk 1:04:39] } 16. Kh2 { [%eval -2.86] [%clk 0:49:13] } 16... Ne7 { [%eval -2.82] [%clk 0:57:10] } 17. Rxe5 { [%eval -2.93] [%clk 0:42:14] } 17... Ng6 { [%eval -2.73] [%clk 0:56:04] } 18. Rxe8+ { [%eval -2.96] [%clk 0:42:14] } 18... Rxe8 { [%eval -2.92] [%clk 0:56:26] } 19. Be3 { [%eval -2.93] [%clk 0:41:17] } 19... Qc6 { [%eval -2.79] [%clk 0:48:45] } 20. Nd2 { [%eval -3.0] [%clk 0:39:20] } 20... Nd5 { [%eval -2.87] [%clk 0:48:42] } 21. Qc4 { [%eval -3.28] [%clk 0:29:12] } 21... Nxe3 { [%eval -3.21] [%clk 0:45:54] } 22. fxe3 { [%eval -3.29] [%clk 0:29:37] } 22... Rxe3 { [%eval -3.01] [%clk 0:46:11] } 23. Rg1 { [%eval -3.64] [%clk 0:29:21] } 23... Qf6?! { [%eval -2.68] } { Inaccuracy. Ne5 was best. } { [%clk 0:42:25] } (23... Ne5 24. Qf4 Qxc5 25. Kh1 Ng6 26. Qg4 Qb5 27. h4 Re2 28. Ne4 Qe5 29. Rg3 Kh7 30. c4) 24. Qd4 { [%eval -2.73] [%clk 0:25:47] } 24... Qf4+ { [%eval -2.7] [%clk 0:37:47] } 25. Qxf4 { [%eval -2.8] [%clk 0:23:46] } 25... Nxf4 { [%eval -2.81] [%clk 0:38:14] } 26. Kg3 { [%eval -2.89] [%clk 0:23:28] } 26... g5 { [%eval -2.8] [%clk 0:38:28] } 27. Nc4?! { [%eval -3.97] } { Inaccuracy. Rf1 was best. } { [%clk 0:21:53] } (27. Rf1 Re2 28. Rf2 Rxf2 29. Kxf2 Nxh3+ 30. Kg3 Nf4 31. a4 f6 32. Nc4 h5 33. Na5 h4+) 27... Re2 { [%eval -3.93] [%clk 0:38:39] } 28. Kg4 { [%eval -4.0] [%clk 0:21:42] } 28... Kg7 { [%eval -4.12] [%clk 0:38:39] } 29. Kf5 { [%eval -3.98] [%clk 0:19:36] } 29... Ng6 { [%eval -3.78] [%clk 0:37:54] } 30. Rd1?? { [%eval #-5] } { Checkmate is now unavoidable. Kg4 was best. } { [%clk 0:11:29] } (30. Kg4 Kf6 31. f4 Nxf4 32. h4 Kg6 33. Kf3 f5 34. hxg5 hxg5 35. Rd1 Re4 36. Rd4 g4+) 30... Ne7+ { [%eval #-4] [%clk 0:37:23] } 31. Kg4 { [%eval #-4] [%clk 0:11:51] } 31... Rg2+ { [%eval #-3] [%clk 0:37:46] } 32. Kh5 { [%eval #-3] [%clk 0:12:17] } 32... Ng8 { [%eval #-2] [%clk 0:38:08] } 0-1

[Event "37th Reykjavik op"]
[Site "Reykjavik ISL"]
[Date "2024.03.16"]
[Round "3.3"]
[White "Maze, Sebastien"]
[Black "Haldorsen, Benjamin"]
[WhiteElo "2551"]
[BlackElo "2426"]
[Result "1/2-1/2"]
[EventDate "2024.03.15"]
[PlyCount "80"]

1. e4 { [%eval 0.13] [%clk 1:30:19] } 1... e5 { [%eval 0.17] [%clk 1:30:24] } 2. Nf3 { [%eval 0.21] [%clk 1:30:40] } 2... Nc6 { [%eval 0.13] [%clk 1:30:34] } 3. Bb5 { [%eval 0.21] [%clk 1:30:54] } 3... a6 { [%eval 0.2] [%clk 1:30:41] } 4. Ba4 { [%eval 0.31] [%clk 1:31:17] } 4... d6 { [%eval 0.28] [%clk 1:30:59] } 5. c3 { [%eval 0.3] [%clk 1:30:03] } 5... Bd7 { [%eval 0.56] [%clk 1:30:33] } 6. d4 { [%eval 0.61] [%clk 1:28:54] } 6... g6 { [%eval 0.55] [%clk 1:30:05] } 7. Bg5 { [%eval 0.61] [%clk 1:28:22] } 7... Be7 { [%eval 0.89] [%clk 1:29:15] } 8. Bxe7?! { [%eval 0.18] } { Inaccuracy. Be3 was best. } { [%clk 1:23:40] } (8. Be3 Nf6 9. Bc2 Ng4 10. Bc1 f5 11. h3 Nf6 12. Nbd2 f4) 8... Qxe7 { [%eval 0.23] [%clk 1:26:06] } 9. O-O { [%eval 0.28] [%clk 1:17:14] } 9... Nf6 { [%eval 0.19] [%clk 1:24:44] } 10. Nbd2 { [%eval 0.23] [%clk 1:16:59] } 10... O-O { [%eval 0.28] [%clk 1:22:03] } 11. Re1 { [%eval 0.26] [%clk 1:15:35] } 11... Rfe8 { [%eval 0.33] [%clk 1:15:48] } 12. a3 { [%eval 0.28] [%clk 1:11:36] } 12... Nh5 { [%eval 0.34] [%clk 1:10:14] } 13. g3 { [%eval 0.22] [%clk 0:43:13] } 13... b5 { [%eval 0.35] [%clk 1:00:20] } 14. Bb3 { [%eval 0.14] [%clk 0:39:41] } 14... Qf6 { [%eval 0.32] [%clk 0:51:36] } 15. d5 { [%eval 0.22] [%clk 0:39:38] } 15... Na5 { [%eval 0.16] [%clk 0:51:06] } 16. Ba2 { [%eval 0.21] [%clk 0:36:28] } 16... c5 { [%eval 0.33] [%clk 0:48:48] } 17. dxc6 { [%eval 0.37] [%clk 0:34:50] } 17... Bxc6 { [%eval 0.44] [%clk 0:49:10] } 18. b4 { [%eval 0.42] [%clk 0:34:38] } 18... Nb7 { [%eval 0.45] [%clk 0:49:05] } 19. c4 { [%eval 0.37] [%clk 0:28:25] } 19... Qe7 { [%eval 0.26] [%clk 0:39:25] } 20. Rc1 { [%eval 0.39] [%clk 0:28:01] } 20... Rec8 { [%eval 0.37] [%clk 0:39:19] } 21. Re3 { [%eval 0.06] [%clk 0:22:10] } 21... Nf6 { [%eval 0.05] [%clk 0:37:45] } 22. Qe2 { [%eval 0.0] [%clk 0:21:42] } 22... Kg7 { [%eval 0.08] [%clk 0:35:47] } 23. Rec3 { [%eval 0.06] [%clk 0:21:54] } 23... Bd7 { [%eval 0.0] [%clk 0:25:29] } 24. cxb5 { [%eval -0.06] [%clk 0:17:47] } 24... Rxc3 { [%eval -0.19] [%clk 0:25:25] } 25. Rxc3 { [%eval -0.14] [%clk 0:18:16] } 25... Bxb5 { [%eval -0.1] [%clk 0:25:19] } 26. Qd1 { [%eval -0.16] [%clk 0:17:43] } 26... Nd8 { [%eval -0.1] [%clk 0:24:28] } 27. a4?! { [%eval -0.76] } { Inaccuracy. Bd5 was best. } { [%clk 0:09:58] } (27. Bd5) 27... Be8 { [%eval -0.49] [%clk 0:23:28] } 28. Bc4 { [%eval -0.68] [%clk 0:08:35] } 28... Rb8 { [%eval -0.65] [%clk 0:22:14] } 29. Qb1?! { [%eval -1.33] } { Inaccuracy. Qb3 was best. } { [%clk 0:08:09] } (29. Qb3) 29... Bxa4 { [%eval -1.31] [%clk 0:12:03] } 30. Bxa6 { [%eval -1.24] [%clk 0:08:36] } 30... d5? { [%eval 0.0] } { Mistake. Qa7 was best. } { [%clk 0:10:38] } (30... Qa7) 31. b5 { [%eval 0.0] [%clk 0:08:09] } 31... dxe4 { [%eval 0.0] [%clk 0:10:15] } 32. Nxe4 { [%eval 0.0] [%clk 0:07:55] } 32... Nxe4 { [%eval 0.0] [%clk 0:07:50] } 33. Qxe4 { [%eval -0.01] [%clk 0:08:24] } 33... Bxb5 { [%eval -0.03] [%clk 0:08:08] } 34. Qb1 { [%eval -0.01] [%clk 0:08:51] } 34... Qf6 { [%eval 0.0] [%clk 0:07:46] } 35. Bxb5 { [%eval -0.08] [%clk 0:08:53] } 35... e4 { [%eval 0.0] [%clk 0:08:04] } 36. Rb3 { [%eval 0.0] [%clk 0:04:07] } 36... exf3 { [%eval -0.05] [%clk 0:07:02] } 37. Qd1 { [%eval -0.15] [%clk 0:04:30] } 37... Qe5 { [%eval 0.0] [%clk 0:03:00] } 38. Bc4 { [%eval 0.0] [%clk 0:04:23] } 38... Rxb3 { [%eval 0.0] [%clk 0:02:26] } 39. Bxb3 { [%eval 0.0] [%clk 0:04:45] } 39... Ne6 { [%eval 0.0] [%clk 0:00:44] } 40. Bxe6 { [%eval 0.0] [%clk 0:04:49] } 40... Qxe6 { [%clk 0:01:02] } 1/2-1/2

[Event "37th Reykjavik op"]
[Site "Reykjavik ISL"]
[Date "2024.03.16"]
[Round "3.5"]
[White "Sushanth, Kamabathula"]
[Black "Cramling Bellon, Anna"]
[WhiteElo "1918"]
[BlackElo "2115"]
[Result "1-0"]
[EventDate "2024.03.15"]
[PlyCount "75"]

1. e4 { [%eval 0.13] [%clk 1:30:35] } 1... c5 { [%eval 0.33] [%clk 1:30:56] } 2. Nf3 { [%eval 0.22] [%clk 1:30:57] } 2... Nc6 { [%eval 0.31] [%clk 1:31:14] } 3. d4 { [%eval 0.33] [%clk 1:31:20] } 3... cxd4 { [%eval 0.38] [%clk 1:31:22] } 4. Nxd4 { [%eval 0.0] [%clk 1:31:43] } 4... e5 { [%eval 0.36] [%clk 1:31:40] } 5. Nb5 { [%eval 0.17] [%clk 1:32:07] } 5... a6 { [%eval 0.66] [%clk 1:31:51] } 6. Nd6+ { [%eval 0.82] [%clk 1:32:32] } 6... Bxd6 { [%eval 0.63] [%clk 1:32:17] } 7. Qxd6 { [%eval 0.53] [%clk 1:32:53] } 7... Qe7 { [%eval 0.74] [%clk 1:32:29] } 8. Qd1 { [%eval 0.7] [%clk 1:32:42] } 8... Nf6 { [%eval 0.59] [%clk 1:30:08] } 9. Nc3 { [%eval 0.57] [%clk 1:33:05] } 9... d6 { [%eval 0.62] [%clk 1:30:21] } 10. Bg5 { [%eval 0.69] [%clk 1:33:20] } 10... Be6 { [%eval 0.59] [%clk 1:30:40] } 11. Nd5 { [%eval 0.76] [%clk 1:33:45] } 11... Bxd5 { [%eval 0.72] [%clk 1:30:47] } 12. exd5 { [%eval 0.57] [%clk 1:34:09] } 12... Nb8 { [%eval 0.74] [%clk 1:31:04] } 13. Be2 { [%eval 0.63] [%clk 1:34:30] } 13... Nbd7 { [%eval 0.68] [%clk 1:29:47] } 14. O-O { [%eval 0.68] [%clk 1:34:16] } 14... O-O { [%eval 0.68] [%clk 1:27:33] } 15. c4 { [%eval 0.65] [%clk 1:34:36] } 15... Rac8 { [%eval 0.82] [%clk 1:26:41] } 16. Rc1 { [%eval 0.75] [%clk 1:33:43] } 16... h6 { [%eval 0.75] [%clk 1:21:40] } 17. Be3 { [%eval 0.77] [%clk 1:34:07] } 17... e4 { [%eval 1.0] [%clk 1:02:01] } 18. b4 { [%eval 1.05] [%clk 1:24:33] } 18... a5 { [%eval 1.02] [%clk 0:32:46] } 19. a3 { [%eval 1.0] [%clk 1:20:56] } 19... axb4 { [%eval 0.98] [%clk 0:33:03] } 20. axb4 { [%eval 1.01] [%clk 1:21:19] } 20... Ne5 { [%eval 1.08] [%clk 0:19:22] } 21. Qd4 { [%eval 0.91] [%clk 1:18:11] } 21... Qd7 { [%eval 0.83] [%clk 0:03:01] } 22. h3 { [%eval 0.85] [%clk 1:17:46] } 22... Qf5 { [%eval 0.91] [%clk 0:03:12] } 23. Rfd1 { [%eval 1.0] [%clk 1:14:52] } 23... Qg6 { [%eval 1.12] [%clk 0:02:25] } 24. Kh1 { [%eval 0.95] [%clk 1:14:38] } 24... Rfd8 { [%eval 1.43] [%clk 0:02:00] } 25. Bf4 { [%eval 1.39] [%clk 1:10:55] } 25... Qf5 { [%eval 1.71] [%clk 0:01:29] } 26. Bxe5 { [%eval 1.67] [%clk 1:10:41] } 26... dxe5 { [%eval 1.42] [%clk 0:01:57] } 27. Qe3 { [%eval 1.3] [%clk 1:10:52] } 27... b5?! { [%eval 2.37] } { Inaccuracy. Rd6 was best. } { [%clk 0:01:54] } (27... Rd6) 28. c5 { [%eval 2.35] [%clk 1:08:27] } 28... Nxd5? { [%eval 4.47] } { Mistake. Rxd5 was best. } { [%clk 0:02:05] } (28... Rxd5 29. Bxb5 Qf4 30. Bc4 Rxd1+ 31. Rxd1 Qxe3 32. fxe3 Kf8 33. Ra1 Rc7 34. Kg1 Ke7 35. Kf1) 29. Rxd5 { [%eval 4.18] [%clk 1:08:51] } 29... Rxd5 { [%eval 4.57] [%clk 0:00:45] } 30. Bg4 { [%eval 4.51] [%clk 1:09:15] } 30... Qg6 { [%eval 4.5] [%clk 0:01:04] } 31. Bxc8 { [%eval 4.49] [%clk 1:09:39] } 31... Rd3 { [%eval 4.76] [%clk 0:01:11] } 32. Qe2 { [%eval 4.37] [%clk 1:08:38] } 32... f5?! { [%eval 5.84] } { Inaccuracy. Qc6 was best. } { [%clk 0:00:35] } (32... Qc6 33. Bg4 g6 34. Qe1 f5 35. Be2 Rd4 36. Bf1 Kh7 37. Qc3 h5 38. Qa1 f4 39. Qa7+) 33. c6 { [%eval 5.74] [%clk 1:06:42] } 33... f4 { [%eval 5.9] [%clk 0:00:38] } 34. Qg4 { [%eval 5.79] [%clk 1:07:04] } 34... Qd6 { [%eval 7.62] [%clk 0:00:31] } 35. Qe6+ { [%eval 7.5] [%clk 1:07:29] } 35... Kf8 { [%eval 7.39] [%clk 0:00:46] } 36. Qxd6+ { [%eval 7.46] [%clk 1:07:42] } 36... Rxd6 { [%eval 7.21] [%clk 0:01:15] } 37. c7 { [%eval 7.05] [%clk 1:07:54] } 37... e3? { [%eval #7] } { Checkmate is now unavoidable. Ke7 was best. } (37... Ke7 38. Bd7 Rxd7 39. c8=Q e3 40. fxe3 fxe3 41. Qc5+ Kf7 42. Qxe5 h5 43. Qf5+ Ke7 44. Qxb5) 38. Bg4 { [%eval #6] [%clk 1:08:20] } 1-0

[Event "37th Reykjavik op"]
[Site "Reykjavik ISL"]
[Date "2024.03.16"]
[Round "3.6"]
[White "Domalchuk-Jonasson, Aleksandr"]
[Black "Belenkaya, Dina"]
[WhiteElo "2355"]
[BlackElo "2164"]
[Result "1-0"]
[EventDate "2024.03.15"]
[PlyCount "81"]

1. c4 { [%eval 0.16] [%clk 1:30:54] } 1... e6 { [%eval 0.18] [%clk 1:30:43] } 2. Nf3 { [%eval 0.3] [%clk 1:29:34] } 2... d5 { [%eval 0.2] [%clk 1:31:02] } 3. g3 { [%eval 0.08] [%clk 1:30:00] } 3... Nf6 { [%eval 0.19] [%clk 1:31:18] } 4. Bg2 { [%eval 0.22] [%clk 1:30:19] } 4... Be7 { [%eval 0.31] [%clk 1:31:26] } 5. O-O { [%eval 0.16] [%clk 1:30:13] } 5... c6 { [%eval 0.21] [%clk 1:31:45] } 6. b3 { [%eval 0.33] [%clk 1:27:09] } 6... O-O { [%eval 0.3] [%clk 1:23:16] } 7. Bb2 { [%eval 0.33] [%clk 1:23:13] } 7... a5 { [%eval 0.37] [%clk 1:23:37] } 8. d4 { [%eval 0.41] [%clk 1:19:07] } 8... a4 { [%eval 0.33] [%clk 1:23:00] } 9. Nbd2 { [%eval 0.32] [%clk 1:18:57] } 9... b5 { [%eval 0.67] [%clk 1:21:21] } 10. c5 { [%eval 0.93] [%clk 1:10:58] } 10... Qa5 { [%eval 0.92] [%clk 1:17:21] } 11. Qc2 { [%eval 0.78] [%clk 0:56:35] } 11... a3 { [%eval 0.81] [%clk 1:15:44] } 12. Bc1 { [%eval 0.82] [%clk 0:56:48] } 12... b4 { [%eval 1.29] [%clk 1:15:18] } 13. e4 { [%eval 1.42] [%clk 0:51:56] } 13... Nfd7 { [%eval 1.35] [%clk 0:44:00] } 14. Re1 { [%eval 1.33] [%clk 0:49:18] } 14... Na6 { [%eval 1.62] [%clk 0:38:15] } 15. Nf1 { [%eval 1.45] [%clk 0:45:08] } 15... Nc7 { [%eval 1.47] [%clk 0:37:33] } 16. Ne3 { [%eval 1.44] [%clk 0:40:14] } 16... Nf6 { [%eval 1.42] [%clk 0:30:07] } 17. Ne5 { [%eval 1.6] [%clk 0:39:13] } 17... Bb7 { [%eval 1.87] [%clk 0:27:57] } 18. Bd2 { [%eval 1.41] [%clk 0:38:52] } 18... Nb5 { [%eval 1.79] [%clk 0:27:23] } 19. Qd3?! { [%eval 0.89] } { Inaccuracy. exd5 was best. } { [%clk 0:36:40] } (19. exd5 cxd5 20. Qd3 Ne4 21. Nc2 Nxd2 22. Qxd2 Nc3 23. Nd3 Rfe8 (23... Rfc8 24. h4 Bf6 25. Ndxb4 Ne4) 24. h4 h6 25. Ncxb4 Ne4) 19... Nxd4?! { [%eval 1.84] } { Inaccuracy. dxe4 was best. } { [%clk 0:15:07] } (19... dxe4 20. Bxe4) 20. Qxd4 { [%eval 1.67] [%clk 0:34:58] } 20... Bxc5 { [%eval 1.77] [%clk 0:15:24] } 21. Qd3 { [%eval 1.8] [%clk 0:35:18] } 21... dxe4 { [%eval 2.03] [%clk 0:14:25] } 22. Qc2? { [%eval 0.44] } { Mistake. Qe2 was best. } { [%clk 0:19:50] } (22. Qe2 Bd4 23. N5c4 Qb5 24. Rad1 c5 25. Nc2 Rad8 (25... Rfd8 26. Bg5 Bc3 27. Bxf6 gxf6 28. Qg4+ Kf8) 26. Bg5 Bb2 27. Bxf6 Bxf6 28. Bxe4 Bd5) 22... Bxe3 { [%eval 0.41] [%clk 0:14:31] } 23. Nc4 { [%eval 0.41] [%clk 0:20:04] } 23... Bxf2+ { [%eval 0.42] [%clk 0:14:13] } 24. Kxf2 { [%eval 0.33] [%clk 0:20:29] } 24... Qa7+ { [%eval 0.87] [%clk 0:07:17] } 25. Be3 { [%eval 1.01] [%clk 0:18:01] } 25... Ng4+ { [%eval 1.03] [%clk 0:06:57] } 26. Kg1 { [%eval 1.04] [%clk 0:18:22] } 26... Nxe3 { [%eval 0.98] [%clk 0:07:20] } 27. Nxe3 { [%eval 0.99] [%clk 0:18:39] } 27... f5 { [%eval 0.89] [%clk 0:06:03] } 28. Qc4 { [%eval 0.88] [%clk 0:18:52] } 28... Rad8?! { [%eval 1.65] } { Inaccuracy. Rae8 was best. } { [%clk 0:05:25] } (28... Rae8) 29. Kh1?! { [%eval 0.93] } { Inaccuracy. Qxe6+ was best. } { [%clk 0:18:21] } (29. Qxe6+ Kh8 30. Qe7 Qb6 31. Rad1 Rde8 32. Qd6 Bc8 33. Qf4 h6 34. h4 (34. Kh1 Qc5 35. Rc1 Qd4) 34... Rd8 35. Bf1 c5) 29... Qa5? { [%eval 1.94] } { Mistake. Rd6 was best. } { [%clk 0:00:51] } (29... Rd6 30. Qxb4 c5 31. Qc3 Rd4 32. Bf1 e5 33. b4 cxb4 34. Bc4+ Kh8 35. Qxb4 Rc8 36. Rab1) (29... Bc8) 30. Qxe6+ { [%eval 2.14] [%clk 0:16:45] } 30... Kh8 { [%eval 1.98] [%clk 0:01:17] } 31. Rad1 { [%eval 1.94] [%clk 0:16:57] } 31... Rde8 { [%eval 2.1] [%clk 0:01:07] } 32. Qd7 { [%eval 2.08] [%clk 0:16:56] } 32... Ba8?! { [%eval 2.87] } { Inaccuracy. Bc8 was best. } { [%clk 0:01:06] } (32... Bc8 33. Qxc6 Be6 34. Qd6 Bg8 35. Bf1 Rd8 36. Qf4 h6 37. h4 Qc5 38. Bc4 Bxc4 39. Nxc4) 33. Rf1 { [%eval 2.91] [%clk 0:15:40] } 33... g6 { [%eval 2.89] [%clk 0:01:23] } 34. Nc4 { [%eval 2.8] [%clk 0:13:33] } 34... Qc5?! { [%eval 3.5] } { Inaccuracy. Qd8 was best. } { [%clk 0:01:44] } (34... Qd8 35. Qa7) 35. Nd6 { [%eval 3.51] [%clk 0:12:47] } 35... Rb8?! { [%eval 4.26] } { Inaccuracy. Re5 was best. } { [%clk 0:01:48] } (35... Re5 36. Nf7+ Kg8 37. Nxe5 Qxe5 38. Qa7 c5 39. Rc1 Rc8 40. Rfd1 h5 41. Qa6 Qe8 42. Qd6) 36. Qe7 { [%eval 4.38] [%clk 0:12:05] } 36... Kg8 { [%eval 4.86] [%clk 0:00:40] } 37. g4 { [%eval 4.34] [%clk 0:04:30] } 37... Rbe8 { [%eval 4.25] [%clk 0:00:57] } 38. Qd7 { [%eval 3.83] [%clk 0:04:32] } 38... Re5? { [%eval 7.01] } { Mistake. Qe5 was best. } { [%clk 0:00:47] } (38... Qe5 39. Nxe8 e3 40. Rde1 Qxe8 41. Qd6 c5 42. Bxa8 Qxa8+ 43. Kg1 Re8 44. gxf5 Qe4 45. Rf4) 39. gxf5 { [%eval 6.83] [%clk 0:04:35] } 39... gxf5?? { [%eval #6] } { Checkmate is now unavoidable. Rexf5 was best. } { [%clk 0:00:43] } (39... Rexf5 40. Nxf5 Rxf5 41. Rxf5 Qxf5 42. Qc7 Qd5 43. Rxd5 cxd5 44. Qc8+ Kf7 45. Qxa8 Ke6 46. Bf1) 40. Bxe4 { [%clk 0:04:39] } 40... f4 { [%clk 0:00:41] } 41. Qxh7# 1-0

[Event "37th Reykjavik op"]
[Site "Reykjavik ISL"]
[Date "2024.03.16"]
[Round "3.9"]
[White "Tania, Sachdev"]
[Black "Seemann, Jakub"]
[WhiteElo "2393"]
[BlackElo "2451"]
[Result "0-1"]
[EventDate "2024.03.15"]
[PlyCount "68"]

1. d4 { [%eval 0.15] [%clk 1:30:54] } 1... Nf6 { [%eval 0.16] [%clk 1:30:54] } 2. c4 { [%eval 0.16] [%clk 1:31:21] } 2... g6 { [%eval 0.37] [%clk 1:30:27] } 3. Nc3 { [%eval 0.31] [%clk 1:31:47] } 3... Bg7 { [%eval 0.7] [%clk 1:30:51] } 4. e4 { [%eval 0.67] [%clk 1:32:14] } 4... d6 { [%eval 0.53] [%clk 1:31:15] } 5. f3 { [%eval 0.5] [%clk 1:32:40] } 5... O-O { [%eval 0.46] [%clk 1:31:40] } 6. Nge2 { [%eval 0.14] [%clk 1:33:01] } 6... c5 { [%eval 0.35] [%clk 1:31:58] } 7. d5 { [%eval 0.19] [%clk 1:33:29] } 7... e6 { [%eval 0.39] [%clk 1:31:35] } 8. Ng3 { [%eval 0.39] [%clk 1:33:55] } 8... exd5 { [%eval 0.39] [%clk 1:31:16] } 9. cxd5 { [%eval 0.37] [%clk 1:34:21] } 9... h5 { [%eval 0.33] [%clk 1:31:18] } 10. Bg5 { [%eval 0.35] [%clk 1:34:39] } 10... a6 { [%eval 0.27] [%clk 1:28:17] } 11. a4 { [%eval 0.27] [%clk 1:34:59] } 11... Qe8 { [%eval 0.18] [%clk 1:28:29] } 12. Qd2 { [%eval -0.02] [%clk 1:30:50] } 12... Nh7 { [%eval 0.02] [%clk 1:25:13] } 13. Bh6 { [%eval 0.03] [%clk 1:30:55] } 13... h4 { [%eval -0.05] [%clk 1:25:28] } 14. Bxg7 { [%eval 0.0] [%clk 1:31:19] } 14... Kxg7 { [%eval 0.0] [%clk 1:25:49] } 15. Nge2 { [%eval 0.06] [%clk 1:31:38] } 15... Nd7 { [%eval 0.02] [%clk 1:17:15] } 16. Nf4 { [%eval -0.06] [%clk 1:31:31] } 16... Ne5 { [%eval 0.1] [%clk 1:17:06] } 17. Be2 { [%eval 0.0] [%clk 1:31:34] } 17... Rb8 { [%eval 0.07] [%clk 1:03:25] } 18. O-O { [%eval 0.03] [%clk 1:24:24] } 18... b5 { [%eval 0.2] [%clk 1:02:04] } 19. axb5 { [%eval 0.22] [%clk 1:22:35] } 19... axb5 { [%eval 0.2] [%clk 1:02:32] } 20. b4 { [%eval 0.17] [%clk 1:20:55] } 20... cxb4 { [%eval 0.04] [%clk 0:54:28] } 21. Na2 { [%eval 0.04] [%clk 1:21:16] } 21... b3 { [%eval 0.14] [%clk 0:53:07] } 22. Nb4 { [%eval -0.05] [%clk 1:21:11] } 22... Bd7 { [%eval -0.03] [%clk 0:43:46] } 23. Qb2 { [%eval -0.13] [%clk 1:11:16] } 23... Qd8 { [%eval -0.02] [%clk 0:39:54] } 24. Nfd3 { [%eval 0.0] [%clk 1:04:06] } 24... f6 { [%eval 0.14] [%clk 0:33:47] } 25. Qxb3 { [%eval 0.05] [%clk 1:03:02] } 25... Qb6+ { [%eval 0.21] [%clk 0:33:50] } 26. Nf2 { [%eval 0.0] [%clk 0:46:55] } 26... h3?! { [%eval 0.58] } { Inaccuracy. g5 was best. } { [%clk 0:32:21] } (26... g5 27. Ra6 Qc5 28. Kh1 Ra8 29. Nfd3 Qe3 30. Nc1 Qc5) 27. f4 { [%eval 0.49] [%clk 0:27:18] } 27... Nc4 { [%eval 0.39] [%clk 0:31:14] } 28. Ra6 { [%eval 0.55] [%clk 0:24:12] } 28... Qc5 { [%eval 0.26] [%clk 0:28:08] } 29. Rc1 { [%eval 0.34] [%clk 0:20:11] } 29... Rfe8 { [%eval 0.09] [%clk 0:14:15] } 30. Nc6? { [%eval -1.2] } { Mistake. Bxc4 was best. } { [%clk 0:02:57] } (30. Bxc4 Rxe4) 30... Rxe4 { [%eval -0.56] [%clk 0:14:33] } 31. Bxc4?? { [%eval -2.47] } { Blunder. Nxb8 was best. } { [%clk 0:01:56] } (31. Nxb8) 31... Rbe8?! { [%eval -1.51] } { Inaccuracy. Rxc4 was best. } { [%clk 0:14:32] } (31... Rxc4) 32. gxh3?? { [%eval -3.79] } { Blunder. Qa3 was best. } { [%clk 0:00:38] } (32. Qa3 Rxc4 33. Qxc5 Rxc5 34. Rf1 Rxd5 35. Nxh3 Rd2 36. Ra7 Nf8 37. Rf2 Re1+ 38. Rf1 Rxf1+) 32... bxc4 { [%eval -3.03] [%clk 0:14:20] } 33. Qg3? { [%eval -5.83] } { Mistake. Qf3 was best. } { [%clk 0:00:31] } (33. Qf3 Re3 34. Qd1 c3 35. Ra5 c2 36. Rxc2 Bxh3 37. Nxh3 Re1+ 38. Kg2 Qxa5 39. Nxa5 Rxd1) 33... Re1+ { [%eval -5.69] [%clk 0:14:31] } 34. Rxe1 { [%clk 0:00:57] } 34... Rxe1+ { [%clk 0:14:58] } 0-1